Midsomer Villages - Statistics

General Stats
  • This quiz has been taken 41 times
  • The average score is 49 of 105
Answer Stats
Hint Answer % Correct
Village mentioned in the very first episode of the show Badger's Drift
96%
A small town and the administrative centre of the Midsomer County Causton
96%
Smaller version of the above, has its wolf hunter Little Worthy
92%
Where DS Troy went to comprehensive school, appeared in more than one episode Midsomer Worthy
83%
Larger version of the above, only one episode takes place there Great Worthy
79%
The mayor of Causton lives in this village Midsomer Parva
79%
A nursing home is located there Aspern Tallow
75%
The neighbours organised a watch in this remote village Bleakridge
75%
Stock market experts live there Midsomer Market
75%
The village that offers unusual countryside activities Elverton-cum-Latterley
71%
Tom and Joyce wanted to move there, but they gave up Fletcher's Cross
71%
Larger version of the above Great Auburn
71%
The village that rose from the dead Little Auburn
71%
The rivalry between the traditional and the modern photographers Luxton Deeping
71%
The neighbouring village of the above Midsomer Herne
71%
You can visit a sculpture park there Angel's Rise
67%
People prepare for the apocalypse and build a bunker in this forest Blacktrees Forest
67%
It hosts Skimmington Festival Broughton
67%
People takes fishing seriously in this village Solomon Gorge
67%
A police retirement home Challis Court
63%
Where Jones and his friends went to school Dunstan
63%
DS Jones returns to Midsomer to play cricket there Lower Pampling
63%
Where Lord Holm and Tom's friends and former police officers live Midsomer Holm
63%
Who Killed Cock Robin is set in this village Newton Magna
63%
The Stitcher Society works there Tamworth Springs
63%
The village famous for its cider Midsomer Abbas
58%
Archaelogical site in season 18 Midsomer Cicely
58%
There is a creepy house in the woods Midsomer Newton
58%
It's famous for its wine Midsomer Vinae
58%
Wyvern House is a famous restaurant in this village Midsomer Wyvern
58%
The name of this village is anagram for 'Midsomer' Mods Mire
58%
It hosts small pets exhibition Bellville
54%
Boys can join the Pudding Club in this school Devington School
54%
There is an airfield and a market in this village Finchmere
54%
A remote village where the local postman was murdered Goodman's Land
54%
The home of a board game inventor Karras Hall
54%
Two characters who look like the Rainbirds from season 1 episode 1 live there Midsomer Barton
54%
There is a memorial garden and a weir in this village Midsomer Deverell
54%
Where The Destroying Angel and Hidden Depths take place Midsomer Magna
54%
The other village in Talking to the Dead, famous for its haunted woods Monks Barton
54%
It hosts Ferabbee's Circus Swynton Magna
54%
A new-age commune is located there The Lodge of the Golden Windhorse
54%
Retired DCI and Tom's ex boss Pringle lives there Upper Marchwood
54%
A boy who spends too much time playing video games lives in this hall Bantling Hall
50%
There is a mill and a family bakery Lower Blissingham
50%
The other village in Tale of Two Hamlets Lower Warden
50%
There is a crypt with an old fresco Midsomer St Claire
50%
A literary festival takes place there Midsomer St Michael
50%
The most haunted village in Midsomer Morton Shallows
50%
One of the villages in Tale of Two Hamlets Upper Warden
50%
Another Midsomer landmark painted by Hogson Bishop's Drift
46%
One of the villages in Talking to the Dead Bow Clayton
46%
The local theatre group is preparing Pirates of the Penzance play Brattlington
46%
The creeper from this village sneaks into people's homes Midsomer Chettham
46%
Where The Devil's Work takes place Stourwick Estate
46%
Swanscombe house and Pelfe Chase are located there Great Pelfe
42%
Where an association similar to Mensa is located Little Crosby
42%
It hosts a folk music festival Lower Crosby
42%
A Talent for Life takes place there Malham Bridge
42%
The neighbouring village of the above Malham Cross
42%
Joyce takes up a painting class there Midsomer Florey
42%
It hosts an orchid exhibition Midsomer Malham
42%
A meadow painted by Hogson in The Black Book Midsomer Meadow
42%
No episode takes place there, but the village is mentioned as a train station Midsomer Morton
42%
The Dark Rider appears in front of this place Quitewell Hall
42%
DS Jones' girlfriend and firefighter lives there Binwell
38%
Great for chess enthusiasts Bishopwood
38%
Where John Barnaby investigates his first case in Midsomer Darnley Park
38%
A young girl takes piano lessons there Devington Manor
38%
Joyce saw a ghost there March Magna
38%
Where the Travellers arrived in Blood Will Out Martyr Warren
38%
A biking competition is season 12 involves this village Midsomer Sanctae
38%
Midsomer Life magazine is published there Midsomer Sonning
38%
Joyce visits a taylor in this village Milton Cross
38%
The Dogleg Murders take place there Whiteoaks Golf Club
38%
Where Blood Wedding takes place Bledlow
33%
Where Death of a Hollow Man takes place Ferne Basset
33%
Ideal for fans of westerns movies Ford Florey
33%
Birdwatchers are active in this village Midsomer-in-the-Marsh
33%
Where Cully's school friends live, as well as Peter Drinkwater (Orlando Bloom) Midsomer Mallow
33%
Apparently, everyone is psychic in this village Midsomer Mere
33%
Midsomer blue cheese is produced there Midsomer Pastures
33%
Where Midsomer Priory is located Midsomer Vertue
33%
The village is famous for Cooper's Cross Morton Fendle
33%
A Christmas episode takes place in this hall Draycott Hall
29%
The police visit this hall in Vixen's Run Haddington Hall
29%
The location of Melmoth Hall and a pagan temple Midsomer Oaks
29%
There is a Bike Competition in season 18 Burnwood Mantle
25%
UFO sightings were reported there Cooper Hill
25%
Crowcall Farm and Crowcall Circle are part of this village Midsomer Mow
25%
Tom Barnaby solves his last case in this spa Swavely Manor
25%
A beekeeper lives there Granville Norton
21%
A delicious sauce is produced there Little Upton
21%
People in this village love bellringing Midsomer Wellow
21%
Jane Austen inspired week takes place there Whitcombe Grange
21%
There is an equestrian centre Whitcombe Mallet
21%
Habeas Corpus takes place there Little Malton
17%
The location of Midsomer University Midsomer Stanton
17%
Tom's enthusiastic boss takes the team there for team building Calham Cross
13%
The site of Midsomer's comic con Carver Valley
13%
John and Sarah attend a horror movie festival there Midsomer Langley
13%
It hosts Paramount Dance Extravaganza Midsomer Mallen
13%
Midsomer boxing champion lives in this village Midsomer Morchard
13%
There is a classical music festival Thassingham
8%
Celtic archaelogical site Midsomer Barrow is situated in this village Midsomer Priors
4%
No matching quizzes found
Score Distribution
Percent of People with Each Score
Percentile by Number Answered
Your Score History
You have not taken this quiz